书目信息 |
| 题名: |
社区心理咨询与研究
|
|
| 作者: | 郑希付 , 刘学兰 主编 | |
| 分册: | ||
| 出版信息: | 广州 暨南大学出版社 2016 |
|
| 页数: | 209页 | |
| 开本: | 25cm | |
| 丛书名: | ||
| 单 册: | ||
| 中图分类: | C916.2 | |
| 科图分类: | ||
| 主题词: | 社区服务--she qu fu wu--心理咨询--研究 | |
| 电子资源: | ||
| ISBN: | 978-7-5668-1840-9 | |
| 000 | 01208nam0 22002651 450 | |
| 001 | 0118172052 | |
| 005 | 20170618172052.0 | |
| 010 | @a978-7-5668-1840-9@dCNY33.00 | |
| 100 | @a20170215d2016 em y0chiy50 ea | |
| 101 | 0 | @achi |
| 102 | @aCN@b440000 | |
| 105 | @aa z 000yy | |
| 106 | @ar | |
| 200 | 1 | @a社区心理咨询与研究@Ashe qu xin li zi xun yu yan jiu@dCommunity psychological counseling and research@f郑希付,刘学兰主编@zeng |
| 210 | @a广州@c暨南大学出版社@d2016 | |
| 215 | @a209页@c图@d25cm | |
| 300 | @a广州市宣传文化出版资金资助项目 幸福广州心理服务与辅导基地资助项目 | |
| 330 | @a本书以“幸福广州心理服务与辅导基地”的相关工作尤其是“幸福聊天室”的工作为线索,不仅阐述了社区心理咨询的理论和方法,而且精选了相关的社区心理咨询案例,体现了理论与实际结合、专业与普及结合的特点。全书共分三篇:第一篇“社区常见心理问题与咨询”,第二篇“社区心理咨询个案精选”,第三篇“社区心理咨询感悟分享”。 | |
| 510 | 1 | @aCommunity psychological counseling and research@zeng |
| 606 | 0 | @a社区服务@Ashe qu fu wu@x心理咨询@x研究 |
| 690 | @aC916.2@v5 | |
| 701 | 0 | @a郑希付@Azheng xi fu@4主编 |
| 701 | 0 | @a刘学兰@Aliu xue lan@4主编 |
| 801 | 0 | @aCN@bTANGWEI@c20170608 |
| 905 | @b1008225-30@dC916.2@e1030@f6 | |
| 社区心理咨询与研究=Community psychological counseling and research/郑希付,刘学兰主编.-广州:暨南大学出版社,2016 |
| 209页:图;25cm |
| 广州市宣传文化出版资金资助项目 幸福广州心理服务与辅导基地资助项目 |
| ISBN 978-7-5668-1840-9:CNY33.00 |
| 本书以“幸福广州心理服务与辅导基地”的相关工作尤其是“幸福聊天室”的工作为线索,不仅阐述了社区心理咨询的理论和方法,而且精选了相关的社区心理咨询案例,体现了理论与实际结合、专业与普及结合的特点。全书共分三篇:第一篇“社区常见心理问题与咨询”,第二篇“社区心理咨询个案精选”,第三篇“社区心理咨询感悟分享”。 |
| ● |
| 相关链接 |
|
|
|
|
正题名:社区心理咨询与研究
索取号:C916.2/1030
 
预约/预借
| 序号 | 登录号 | 条形码 | 馆藏地/架位号 | 状态 | 备注 |
| 1 | 1008225 | 210082257 | 第一样本阅览室/ [索取号:C916.2/1030] | 在馆 | |
| 2 | 1008226 | 210082266 | 教育系资料室/ [索取号:C916.2/1030] | 在馆 | |
| 3 | 1008227 | 210082275 | 教育系资料室/ [索取号:C916.2/1030] | 在馆 | |
| 4 | 1008228 | 210082284 | 教育系资料室/ [索取号:C916.2/1030] | 在馆 | |
| 5 | 1008229 | 210082293 | 第一借阅区/ [索取号:C916.2/1030] | 在馆 | |
| 6 | 1008230 | 210082300 | 第一借阅区/ [索取号:C916.2/1030] | 在馆 |